Biggest Cities in Nepal on a Map - Statistics

General Stats
  • This quiz has been taken 203 times
    112 since last reset
  • The average score is 7 of 20
Answers on the Map
Answers color-coded by a green-red scale on the quiz's map according to % correct below.
 
Answer Stats
Pop City % Correct
1.00 mil Kathmandu
100%
265 k Pokhara
67%
227 k Lalitpur
52%
83.6 k Bhaktapur
48%
205 k Biratnagar
45%
139 k Birgunj
40%
119 k Dharan
36%
121 k Butwal
34%
98.4 k Janakpur
34%
73.7 k Nepalgunj
34%
85.6 k Hetauda
33%
148 k Bharatpur
28%
76.8 k Itahari
27%
104 k Dhangadhi
25%
107 k Bhimdatta
22%
75.7 k Damak
21%
65.1 k Ghorahi
16%
67.1 k Kirtipur
13%
71.4 k Gaighat
10%
84.1 k Madhyapur Thimi
9%
No matching quizzes found
Score Distribution
Percent of People with Each Score
Percentile by Number Answered
Your Score History
You have not taken this quiz since the last reset